Die erfolgreichsten Bundesliga-Trainer des 21. Jahrhunderts - Statistiken

Allgemein
  • Dieses Quiz wurde 150 mal gespielt
  • Das Durchschnittsergebnis liegt bei 23 aus 36
Antwortstatistiken
Nation Vereine Spiele Punkteschnitt Trainer % Korrekt
Spanien Bayer Leverkusen 75 2,23 Xabi Alonso
99%
Spanien FC Bayern München 102 2,52 Pep Guardiola
98%
Deutschland TSG Hoffenheim, RB Leipzig, Bayern München 243 1,86 Julian Nagelsmann
90%
Italien FC Bayern München 40 2,38 Carlo Ancelotti
89%
Deutschland FC Schalke 04, Borussia M'gladbach, Bayer Leverkusen, Bayern München 224 1,96 Jupp Heynckes
88%
Deutschland Borussia M'gladbach, Borussia Dortmund, RB Leipzig 180 1,87 Marco Rose
88%
Deutschland 1. FSV Mainz 05, Borussia Dortmund 340 1,68 Jürgen Klopp
87%
Niederlande FC Bayern München 63 1,94 Louis van Gaal
85%
Deutschland FC Bayern München 58 2,45 Hansi Flick
84%
Kroatien Eintracht Frankfurt, Bayern München, VfL Wolfsburg 181 1,51 Niko Kovac
83%
Deutschland 1. FSV Mainz 05, Borussia Dortmund, Bayern München 281 1,68 Thomas Tuchel
83%
Deutschland Eintracht Frankfurt, VfB Stuttgart, Bayern München, VfL Wolfsburg, FC Schalke 04, Hertha BSC 405 1,69 Felix Magath
74%
Deutschland TSG Hoffenheim, VfB Stuttgart 125 1,58 Sebastian Hoeneß
74%
Deutschland/Schweiz FC Bayern München 185 2,03 Ottmar Hitzfeld
73%
Schweiz Hertha BSC, Borussia M'gladbach, Borussia Dortmund 307 1,70 Lucien Favre
71%
Deutschland/Kroatien Borussia Dortmund 91 1,97 Edin Terzic
68%
Deutschland Eintracht Frankfurt 49 1,51 Dino Toppmöller
66%
Italien/Deutschland FC Schalke 04, RB Leipzig 84 1,56 Domenico Tedesco
66%
Deutschland Bayer Leverkusen, Hamburger SV 88 1,55 Klaus Toppmöller
66%
Niederlande Borussia Dortmund, Bayer Leverkusen 92 1,73 Peter Bosz
64%
Österreich FC Ingolstadt, RB Leipzig, VfL Wolfsburg 125 1,54 Ralph Hasenhüttl
62%
Deutschland Bayern München, Hertha BSC 38 1,74 Jürgen Klinsmann
61%
Deutschland Werder Bremen, Eintracht Frankfurt, Hannover 96 487 1,57 Thomas Schaaf
60%
Niederlande Hertha BSC, Hamburger SV, VfB Stuttgart, TSG Hoffenheim, Schalke 04 260 1,55 Huub Stevens
56%
Dänemark 1. FSV Mainz 05 28 1,71 Bo Henriksen
53%
Österreich Eintracht Frankfurt, Borussia M'gladbach 136 1,50 Adi Hütter
52%
Deutschland FC Schalke 04, Hannover 96, Hamburger SV 230 1,50 Mirko Slomka
49%
Finnland Bayer Leverkusen 29 1,66 Sami Hyypiä
44%
Deutschland/Polen Bayer Leverkusen 45 2,04 Sascha Lewandowski
44%
Niederlande Hamburger SV 34 1,79 Martin Jol
36%
Deutschland Borussia Dortmund, VfB Stuttgart 170 1,76 Matthias Sammer
36%
Deutschland Bayer Leverkusen 87 1,69 Roger Schmidt
34%
Deutschland VfB Stuttgart, FC Schalke 04 66 1,67 Jens Keller
31%
Deutschland Borussia M'gladbach 45 1,58 Andre Schubert
23%
Deutschland 1. FC Kaiserslautern 64 1,55 Andreas Brehme
12%
Deutschland FC Schalke 04 26 1,50 Frank Neubarth
2%
Keine übereinstimmenden Quizze gefunden
Verteilung der Resultate
Anzahl Personen mit jedem Resultat
Perzentil nach korrekt beantworteten Fragen
Ihre Resultats-Entwicklung
Sie haben dieses Quiz noch nicht gespielt